000
00316 a2200109 4500
001
ART_42542
005
20260410161807.0
008
260409a
245
1
0
_a
Due Diligence para abogados
100
1
_a
Papa, Rodolfo G.
773
0
_t
Doctrina Societaria y Concursal
_g
- NÂș 275 (oct. 2010)
_w
REV4298
999
_c
21149
_d
21149